Biblioteca y Centro de Documentación

Formation pour une société en mutation (Registro nro. 9487)

Detalles MARC
000 -CABECERA
Longitud fija campo de control 02044nam a2200481 c 4500
001 - NÚMERO DE CONTROL
Número de control 9487
003 - IDENTIFICADOR DE NÚMERO DE CONTROL
Identificador del número de control ES-MaCES
005 - FECHA Y HORA DE LA ÚLTIMA TRANSACCIÓN
Fecha y hora de la última transacción 20180205141720.0
008 - CAMPO FIJO DE DESCRIPCIÓN FIJA--INFORMACIÓN GENERAL
Códigos de información de longitud fija   991005s1999 lu d t o000 | fre d
020 ## - ISBN (INTERNATIONAL STANDARD BOOK NUMBER)
Número Internacional Normalizado para Libros (ISBN) 9282861503
035 ## - NÚMERO DE CONTROL DEL SISTEMA
Número de control del sistema CES19990014364m
040 ## - FUENTE DE CATALOGACIÓN
Centro catalogador de origen ES-MaCES
Lengua de catalogación spa
Centro transcriptor ES-MaCES
041 1# - CÓDIGO DE IDIOMA
Código de lengua del texto;banda sonora o título independiente fre
Código de lengua original eng
100 1# - ENCABEZAMIENTO PRINCIPAL--NOMBRE PERSONAL
Nombre de persona Tessaring, Manfred
9 (RLIN) 24819
245 10 - MENCIÓN DE TÍTULO
Título Formation pour une société en mutation
Resto del título : rapport sur la recherche actuelle en formation et enseignement professionnels en Europe 1998
Mención de responsabilidad, etc. [Manfred Tessaring ; publié pour] CEDEFOP
246 3# - FORMA VARIANTE DEL TÍTULO
Título propio ; Título en breve Formación para una sociedad en cambio : informe acerca de la situación actual de la investigación sobre la formación profesional en Europa 1998
250 ## - MENCIÓN DE EDICIÓN
Mención de edición 1ère éd
260 ## - PUBLICACIÓN, DISTRIBUCIÓN, ETC (PIE DE IMPRENTA)
Lugar de publicación, distribución, etc. Luxembourg
Nombre del editor, distribuidor, etc. Office des publications officielles des Communautés européennes
Fecha de publicación, distribución, etc. 1999
300 ## - DESCRIPCIÓN FÍSICA
Extensión X, 318 p.
Dimensiones 30 cm
490 1# - MENCIÓN DE SERIE
Mención de serie Document de référence CEDEFOP
500 ## - NOTA GENERAL
Nota general Versión orig. en inglés
500 ## - NOTA GENERAL
Nota general Publ. también en español bajo el tít.: Formación para una sociedad en cambio : informe acerca de la situación actual de la investigación sobre la formación profesional en Europa 1998
500 ## - NOTA GENERAL
Nota general Resumen
504 ## - NOTA DE BIBLIOGRAFÍA, ETC.
Nota de bibliografía, etc. Bibliografía: p. 263-286
541 ## - NOTA DE LA FUENTE INMEDIANTE DE ADQUISICIÓN
Forma de adquisición Compra
650 #4 - ASIENTO SECUNDARIO DE MATERIA--TÉRMINO DE MATERIA
Término de materia o nombre geográfico como elemento inicial enseñanza profesional
9 (RLIN) 29281
650 #4 - ASIENTO SECUNDARIO DE MATERIA--TÉRMINO DE MATERIA
Término de materia o nombre geográfico como elemento inicial formación profesional
9 (RLIN) 27394
650 #4 - ASIENTO SECUNDARIO DE MATERIA--TÉRMINO DE MATERIA
Término de materia o nombre geográfico como elemento inicial formación profesional permanente
9 (RLIN) 29931
650 #4 - ASIENTO SECUNDARIO DE MATERIA--TÉRMINO DE MATERIA
Término de materia o nombre geográfico como elemento inicial política de formación
9 (RLIN) 29974
650 #4 - ASIENTO SECUNDARIO DE MATERIA--TÉRMINO DE MATERIA
Término de materia o nombre geográfico como elemento inicial asistencia en formación profesional
9 (RLIN) 26645
650 #4 - ASIENTO SECUNDARIO DE MATERIA--TÉRMINO DE MATERIA
Término de materia o nombre geográfico como elemento inicial transición a la vida profesional
9 (RLIN) 29447
650 #4 - ASIENTO SECUNDARIO DE MATERIA--TÉRMINO DE MATERIA
Término de materia o nombre geográfico como elemento inicial equivalencia de certificados
9 (RLIN) 29943
650 #4 - ASIENTO SECUNDARIO DE MATERIA--TÉRMINO DE MATERIA
Término de materia o nombre geográfico como elemento inicial 1998
9 (RLIN) 31169
650 #4 - ASIENTO SECUNDARIO DE MATERIA--TÉRMINO DE MATERIA
Término de materia o nombre geográfico como elemento inicial informe
9 (RLIN) 28986
653 10 - TÉRMINO DE INDEXACIÓN--NO CONTROLADO
Término no controlado Educación
650 #4 - ASIENTO SECUNDARIO DE MATERIA--TÉRMINO DE MATERIA
9 (RLIN) 26752
Término de materia o nombre geográfico como elemento inicial UE
710 2# - ENCABEZAMIENTO SECUNDARIO--NOMBRE CORPORATIVO
9 (RLIN) 1909
Nombre de entidad o nombre de jurisdicción como elemento inicial Centro Europeo para el Desarrollo de la Formación Profesional
767 0# - ENTRADA DE TRADUCCIÓN
Título Formación para una sociedad en cambio
Número de control del registro relacionado (ES-MaCES)9624
830 #0 - ENCABEZAMIENTO SECUNDARIO DE COLECCIÓN--TÍTULO UNIFORME
Título uniforme Document de référence CEDEFOP
9 (RLIN) 33335
902 ## - CES. TIPO DE DOCUMENTO
Tipodoc (006$c Sirtex) LIB Libro
942 ## - ELEMENTOS KOHA
Fuente de clasificaión o esquema Clasificación propia del CES
Koha [por defecto] tipo de item Monografías
Parte de clasificación 4.0.
Existencias
Número de registro Signatura completa Tipo de item de Koha
032338 DPT-994 Monografías
© CES, Consejo Económico y Social de España 2021